Sports Quiz

Random Sports or NBA Quiz

Best White NBA Three Point Shooters Quiz Stats

 Plays Quiz not verified by Sporcle

Challenge
Share
Tweet
Embed
Score 0/49 Timer 08:00
0 Plays Today
3 pt percentage/Team Player % Correct
.434 SunsSteve Nash
86.4%
.382 MavericksDirk Nowitzki
60.3%
.407 MavericksJason Kidd
54.2%
.625 JazzKyle Korver
49.9%
.414 MagicJJ Redick
49.7%
.360 SpursManu Ginobili
39.1%
.500 WizardsMike Miller
37.6%
.333 BullsBrad Miller
35.9%
.371 HornetsPeja Stojakovic
35.2%
.389 HawksMike Bibby
33.7%
.400 RaptorsJose Calderon
33.3%
.397 MagicJason Williams
33.1%
.382 RaptorsHedo Turkoglu
32.6%
.354 BullsKirk Hinrich
32.2%
.406 SpursMatt Bonner
31.7%
.390 76ersJason Kapono
31.1%
.380 RaptorsAndrea Bargnani
29.2%
.317 PacersMike Dunleavy
26.1%
.384 BlazersSteve Blake
25.7%
.333 JazzAndrei Kirilenko
25.7%
.365 MagicRyan Anderson
25.5%
.408 SunsGoran Dragic
23.6%
.392 PacersTroy Murphy
23.5%
.378 TimberwolvesKevin Love
23.5%
.600 LakersLuke Walton
23.3%
3 pt percentage/Team Player % Correct
.398 JazzMehmet Okur
22.2%
.308 CelticsBrian Scalabrine
20.5%
.396 KnicksDanilo Gallinari
19.7%
.377 MavericksJose Juan Barea
19.7%
.407 BucksLuke Ridnour
19.2%
.351 LakersJordan Farmar
18.4%
.391 76ersJason Smith
18.2%
.372 BlazersRudy Fernandez
16.8%
.404 LakersSasha Vujacic
16%
.378 KingsBeno Udrih
14%
.328 KingsSpencer Hawes
13%
.396 KingsOmri Casspi
12.7%
.353 BucksCarlos Delfino
12.7%
.351 RocketsChase Budinger
12.3%
.526 CavaliersZydrunas Ilgauskas
12.3%
.333 RocketsLuis Scola
11.9%
.356 BucksErsan Ilyasova
11.5%
.366 KingsAndres Nocioni
9.5%
.389 RaptorsMarco Belinelli
9.3%
.333 TimberwolvesBrian 'Custodian' Cardinal
6.1%
.400 MavericksMatt Carroll
5.8%
.375 KingsSergio Rodriguez
5.6%
.333 PacersTravis Diener
4.8%
.389 NetsChris Quinn
4.1%

You're not logged in!

Compare scores with friends on all Sporcle quizzes.
OR
Log In

You Might Also Like...

Show Comments

Extras

Top Quizzes Today


Score Distribution

Your Account Isn't Verified!

In order to create a playlist on Sporcle, you need to verify the email address you used during registration. Go to your Sporcle Settings to finish the process.

Report this User

Report this user for behavior that violates our Community Guidelines.

Details: